00466nam a2200181 a 4500001001300000003000900013005001700022008004100039020001000080082001600090100002400106245003000130260003100160300000800191500003500199650002600234700002400260nice12345678IN_TiNIC20260116011625.0070618s0000 egya grp 000 0 ara  ac10000a492.73bJIR aAl-Jirjani, Ali Bin aKitabut Tarifat and Other aEgyptbNo Publishersc0000 a00p aincludes index and biblioraphy aDictionary-Sufi Terms1 aAl-Jirjani, Ali Bin